SCH - JVLIVS III : Ad Finem - Statistiques

Statistiques générales
  • Ce quiz a été pris 34 fois
  • Le résultat moyen est 11 sur 18
Statistiques - réponses
Artistes Titre % Correct
SCH, Damso 02:00
81%
SCH, Sfera Ebbasta Soldi Famiglia
77%
SCH Deux Mille
73%
SCH Lumière Blanche (Ad Finem)
69%
SCH Missiles
69%
SCH Interlude - Jour d'Octobre
65%
SCH La Pluie
65%
SCH Stigmates
65%
SCH Interlude - Avversita
62%
SCH Le Taulier
62%
SCH Miroirs
62%
SCH Rose Noire
58%
SCH Quartiers Nord
54%
SCH Anamnèse
50%
SCH Dans la tête
50%
SCH Multirécidiviste
42%
SCH D'hier à Aujourd'hui
35%
SCH Intro - Ego Sum
23%
Aucun quiz correspondant
Distribution des résultats
% des personnes avec chaque résultat
Percentile par nombre de réponses
Votre historique - résultats
Vous n’avez pas pris ce quiz